000 00731nam a2200265Ia 4500
003 OSt
005 20220918164426.0
006 a|||||r|||| 00| 0
007 ta
008 220917b |||||||| |||| 00| 0 eng d
020 _a0582085241 (pbk)
024 _a68,055
037 _cTextual
040 _aARTS
_cARTS
_beng
041 _2eng
_aeng
082 _aP111:7, N3
100 _aBhatia Vijay K
_918839
245 0 _aAnalysis genre
_b Language use in professional settings
260 _aLondon
_bLongman
_c1993
300 _axx, 216p.
_ccm.
490 _aApplied linguistics and language study
650 _aLINGUISTICS
942 _hP111:7, N3
_cTEXL
_2CC
999 _c124719
_d124719